[Event "ICS rated blitz match"]
[Site "204.178.125.65"]
[Date "1999.08.19"]
[Round "?"]
[White "ComputoJon"]
[Black "Hossa"]
[Result "1-0"]
[WhiteElo "2207"]
[BlackElo "2423"]
[PlyCount "69"]

1. e4 e5 2. Nf3 d6 3. d4 exd4 4. Nxd4 g6 5. Be3 Bh6 6. Qd2 Bxe3 7. Qxe3 Bd7 8.
Nc3 Nf6 9. O-O-O Ng4 10. Qd2 Nc6 11. h3 Nxd4 12. Qxd4 Qg5+ 13. Kb1 Ne5 14. Nd5
c5 15. Qc3 O-O-O 16. f4 Qh5 17. Be2 Qxe2 18. fxe5 Qxe4 19. exd6 Qxg2 20. Qxc5+
Kb8 21. Qc7+ Ka8 22. Rhg1 Qxh3 23. Rd3 Qh5 24. Nb6+ axb6 25. Ra3+ Qa5 26. Rxa5+
bxa5 27. Qxa5+ Kb8 28. Qc7+ Ka8 29. Rg3 Bb5 30. Ra3+ Ba6 31. d7 f6 32. b4 Rb8
33. b5 Rhd8 34. bxa6 Rbc8 35. Qxb7# {Hossa checkmated} 1-0

[Event "ICS rated blitz match"]
[Site "204.178.125.65"]
[Date "1999.08.19"]
[Round "?"]
[White "Hossa"]
[Black "matar"]
[Result "1-0"]
[WhiteElo "2398"]
[BlackElo "2189"]
[PlyCount "65"]

1. e4 c5 2. Nf3 e6 3. d4 cxd4 4. Nxd4 a6 5. Bd3 Nf6 6. O-O Qc7 7. b3 g6 8. Nd2
Bg7 9. Bb2 O-O 10. c4 d6 11. f4 Nbd7 12. Bc2 b6 13. Qe2 Bb7 14. Rad1 Rad8 15.
a4 e5 16. fxe5 dxe5 17. N4f3 Nh5 18. Ba3 Rfe8 19. Qe3 Nf4 20. g3 Ne6 21. Bb1
Ndc5 22. a5 bxa5 23. Kh1 Rd7 24. Bc2 Red8 25. Bb2 f6 26. Bb1 Nd3 27. Ba3 Nec5
28. Ne1 Nxe1 29. Bxc5 Rxd2 30. Rxd2 Rxd2 31. Qxd2 Qxc5 32. Qd8+ Bf8 33. Qxf6 {
matar resigns} 1-0

[Event "ICS rated blitz match"]
[Site "204.178.125.65"]
[Date "1999.08.19"]
[Round "?"]
[White "TheBorg"]
[Black "Hossa"]
[Result "1-0"]
[WhiteElo "2647"]
[BlackElo "2412"]
[PlyCount "149"]

1. e4 e5 2. Nf3 d6 3. d4 exd4 4. Nxd4 g6 5. Bc4 Bg7 6. O-O Nc6 7. Nxc6 bxc6 8.
Qf3 Be6 9. Bxe6 fxe6 10. Qb3 Kf7 11. Qc4 Ne7 12. Nc3 d5 13. Qd3 Rb8 14. Re1 Rf8
15. exd5 exd5 16. Qe3 Qd6 17. Qxa7 Be5 18. f4 Bg7 19. Nd1 Rbe8 20. Qf2 Kg8 21.
Bd2 c5 22. c3 Bh6 23. Rf1 Nf5 24. a3 c4 25. a4 Re4 26. a5 Rfe8 27. Qf3 c6 28.
a6 Qf8 29. Nf2 Re2 30. Rfd1 R8e7 31. Qg4 Qa8 32. Nh3 Qa7+ 33. Kh1 Bf8 34. Ng1
R2e4 35. Nf3 Bg7 36. Ra3 Qf2 37. Ng1 Qb6 38. Nh3 Qxb2 39. Raa1 Qb8 40. Rdb1 Qa7
41. Ng5 Re2 42. Qh3 Bf6 43. Nf3 Rf2 44. Rg1 Kh8 45. Rgb1 c5 46. Re1 Ree2 47.
Rxe2 Rxe2 48. Be1 Re6 49. g4 Ng7 50. g5 Be7 51. Ne5 Kg8 52. Qf3 Rd6 53. Bg3 Ne6
54. Ng4 d4 55. Qb7 Rd7 56. Nh6+ Kf8 57. Qe4 Ng7 58. Kg1 Rd8 59. Qe2 d3 60. Qa2
Ne6 61. Qxc4 d2 62. Rd1 Qb6 63. a7 Ra8 64. f5 gxf5 65. Qd5 Rxa7 66. Qxf5+ Ke8
67. Qf7+ Kd8 68. Qg8+ Bf8 69. Nf7+ Kd7 70. Rxd2+ Ke7 71. Qxh7 Ra1+ 72. Kg2 Qb1
73. Rd7+ Ke8 74. Nd6+ Bxd6 75. Qf7# {Hossa checkmated} 1-0

[Event "ICS Rated blitz match"]
[Site "204.178.125.65"]
[Date "1999.08.19"]
[Round "?"]
[White "Hossa"]
[Black "TheBorg"]
[Result "0-1"]
[WhiteElo "2405"]
[BlackElo "2654"]
[PlyCount "88"]

1. d4 Nf6 2. c4 e6 3. Nc3 Bb4 4. Bg5 h6 5. Bh4 c5 6. d5 Nxd5 7. Bxd8 Nxc3 8.
Qb3 Ne4+ 9. Qxb4 cxb4 10. Bh4 Nc6 11. Rd1 O-O 12. f3 Nc5 13. e4 f5 14. exf5
exf5 15. Be2 b3 16. Bf2 b6 17. Bxc5 bxc5 18. axb3 Nd4 19. Rd3 Ba6 20. Rc3 Rae8
21. Kf2 Re7 22. Bd1 Rfe8 23. f4 Re1 24. Rd3 d5 25. Rd2 dxc4 26. Bh5 R8e6 27. b4
Rf1+ 28. Kxf1 c3+ 29. Kf2 cxd2 30. b5 Bxb5 31. Nf3 Re2+ 32. Kg3 Nxf3 33. Rd1
Ba4 34. Rxd2 Rxd2 35. Bxf3 Bc2 36. h4 Be4 37. Bh5 Rxg2+ 38. Kh3 Rxb2 39. Bg6 c4
40. Be8 c3 41. h5 c2 42. Bd7 c1=Q 43. Bxf5 Qh1+ 44. Kg3 44... Rg2# {
Hossa checkmated} 0-1

[Event "ICS rated blitz match"]
[Site "204.178.125.65"]
[Date "1999.08.19"]
[Round "?"]
[White "TheBorg"]
[Black "Hossa"]
[Result "1-0"]
[WhiteElo "2660"]
[BlackElo "2399"]
[PlyCount "87"]

1. e4 e5 2. Nf3 d6 3. Bc4 f5 4. d4 fxe4 5. Nxe5 dxe5 6. Qh5+ Kd7 7. Qf5+ Kc6 8.
Qxe5 a6 9. d5+ Kb6 10. Be3+ Bc5 11. Bxc5+ Kxc5 12. d6+ Kb6 13. Qxg7 Nf6 14.
dxc7 Qf8 15. cxb8=Q Rxb8 16. Qg3 Bg4 17. Nc3 Rc8 18. Qe3+ Kc6 19. h3 Bh5 20. g4
Qc5 21. Qf4 Rhf8 22. O-O-O Bg6 23. Na4 Qb4 24. a3 Qe7 25. Qe3 Nd7 26. Qc3 Qg5+
27. Kb1 Kc7 28. Bxa6+ Kd8 29. Qb4 Ke8 30. Bb5 Kf7 31. Rxd7+ Kg8 32. Nb6 Rce8
33. Rxb7 Rd8 34. Bc4+ Kh8 35. Nd7 Rf3 36. Qb6 Rxd7 37. Rxd7 Rf8 38. h4 Qe5 39.
h5 Bf5 40. Rd8 Be6 41. h6 Rg8 42. Bxe6 Qg5 43. Qd4+ Qg7 44. hxg7# {
Hossa checkmated} 1-0

[Event "ICS rated blitz match"]
[Site "204.178.125.65"]
[Date "1999.08.19"]
[Round "?"]
[White "Hossa"]
[Black "monkeys"]
[Result "1-0"]
[WhiteElo "2393"]
[BlackElo "2178"]
[PlyCount "81"]

1. d4 Nf6 2. c4 g6 3. Nc3 Bg7 4. e4 O-O 5. Bg5 d6 6. f3 c6 7. Qd2 a6 8. a4 Nbd7
9. Bh6 e5 10. Bxg7 Kxg7 11. Rd1 Qe7 12. Be2 Rb8 13. Nh3 d5 14. cxd5 cxd5 15.
exd5 Nb6 16. dxe5 Qxe5 17. Qf4 Re8 18. Qxe5 Rxe5 19. Nf4 Bf5 20. a5 Nc4 21. g4
Bc2 22. Rc1 Ne3 23. g5 Rxg5 24. Kd2 Re5 25. Rxc2 Nxc2 26. Kxc2 Rc8 27. d6 g5
28. d7 Nxd7 29. Nh5+ Kg6 30. Ng3 Rxa5 31. Rd1 Ne5 32. Nge4 b5 33. b4 Ra3 34.
Kb2 Ra4 35. Rd6+ Kg7 36. Nxa4 bxa4 37. Rxa6 Nc4+ 38. Bxc4 Rxc4 39. Rxa4 g4 40.
Kb3 Rd4 41. Kc3 {monkeys resigns} 1-0

[Event "ICS rated blitz match"]
[Site "204.178.125.65"]
[Date "1999.08.19"]
[Round "?"]
[White "Hossa"]
[Black "TheBorg"]
[Result "0-1"]
[WhiteElo "2400"]
[BlackElo "2666"]
[PlyCount "168"]

1. d4 d5 2. c4 dxc4 3. e4 e5 4. Nf3 exd4 5. Bxc4 Bb4+ 6. Nbd2 Nc6 7. O-O Nf6 8.
e5 Nd5 9. Nb3 Nb6 10. Bg5 Be7 11. Bxe7 Nxe7 12. Bd3 Bf5 13. Nfxd4 Bxd3 14. Qxd3
O-O 15. Rad1 Qd5 16. Qe2 Ng6 17. Rfe1 Rfe8 18. Nf3 Qc4 19. Qd2 Re7 20. Qg5 Qa6
21. Nc1 Rae8 22. Qh5 Qb5 23. Ng5 Rxe5 24. Rxe5 Rxe5 25. Qxh7+ Kf8 26. h4 Qxb2
27. Rf1 Qb5 28. f4 Qc5+ 29. Kh1 Qc4 30. Kg1 Rf5 31. Nb3 Rxf4 32. Rxf4 Qxf4 33.
Nf3 Nd5 34. Qh5 c6 35. Nbd4 Qc1+ 36. Kh2 Ne3 37. Qa5 Ng4+ 38. Kh3 Nf2+ 39. Kg3
Ne4+ 40. Kh2 Qf4+ 41. Kg1 Nd6 42. Qc5 Ke8 43. h5 Nh4 44. Nxh4 Ne4 45. Qxa7 Qf2+
46. Kh2 Qxh4+ 47. Kg1 Qf2+ 48. Kh2 Qf4+ 49. Kg1 Qc1+ 50. Kh2 Nd6 51. Nf3 Qf4+
52. Kg1 Kd7 53. a4 Qf5 54. Qd4 f6 55. Nd2 Qe5 56. Qg4+ f5 57. Qg5 Nf7 58. Qg6
Qd4+ 59. Kf1 Nd6 60. Nf3 Qa1+ 61. Ke2 Qa2+ 62. Kf1 Qb1+ 63. Ke2 Qb2+ 64. Kf1
Ke7 65. Qg5+ Qf6 66. Qe3+ Qe6 67. Qg5+ Kf7 68. a5 Ne4 69. Kg1 Nxg5 70. Nxg5+
Kf6 71. Nxe6 Kxe6 72. Kf2 Kd5 73. Kf3 c5 74. g4 fxg4+ 75. Kxg4 Ke4 76. Kg3 Ke3
77. Kg4 c4 78. Kh4 c3 79. h6 gxh6 80. Kg3 c2 81. Kg4 c1=Q 82. Kg3 Qg1+ 83. Kh3
Kf3 84. Kh4 84... Qh1# {Hossa checkmated} 0-1

[Event "ICS rated blitz match"]
[Site "204.178.125.65"]
[Date "1999.08.19"]
[Round "?"]
[White "TheBorg"]
[Black "Hossa"]
[Result "1-0"]
[WhiteElo "2672"]
[BlackElo "2394"]
[PlyCount "79"]

1. e4 e5 2. Nf3 d6 3. d4 exd4 4. Nxd4 g6 5. Bc4 Bg7 6. O-O Nc6 7. Nxc6 bxc6 8.
Qf3 Be6 9. Bxe6 fxe6 10. Qb3 Kf7 11. Qc4 Ne7 12. Nc3 d5 13. Qd3 Rf8 14. exd5
cxd5 15. Re1 d4 16. Ne4 h6 17. Nc5 e5 18. c3 Qd6 19. cxd4 exd4 20. Ne6 Kg8 21.
Qe4 Rfe8 22. Bf4 Qb6 23. Nxc7 Rad8 24. Rac1 Qxb2 25. Nxe8 Rxe8 26. Qe6+ Kh8 27.
Qd7 Rf8 28. Rxe7 d3 29. Be3 Qf6 30. Rxg7 d2 31. Qxd2 Qxg7 32. Bd4 Rf6 33. Bxf6
Qxf6 34. Qxh6+ Kg8 35. Rc8+ Kf7 36. Qf8+ Ke6 37. Rc6+ Kd5 38. Qxf6 a6 39. f3 a5
40. Qd6# {Hossa checkmated} 1-0

[Event "ICS rated blitz match"]
[Site "204.178.125.65"]
[Date "1999.08.19"]
[Round "?"]
[White "Hossa"]
[Black "TheBorg"]
[Result "1-0"]
[WhiteElo "2389"]
[BlackElo "2677"]
[PlyCount "155"]

1. d4 d5 2. c4 e6 3. Nc3 c6 4. Nf3 Nf6 5. Bg5 dxc4 6. e4 b5 7. e5 h6 8. Bh4 g5
9. Nxg5 hxg5 10. Bxg5 Nbd7 11. exf6 Bb7 12. a4 Bb4 13. Qd2 Nb6 14. a5 Nd5 15.
a6 Bc8 16. Be2 Nc7 17. Bf3 Qd7 18. Qe3 Bxa6 19. Bf4 Bb7 20. O-O Bxc3 21. Qxc3
Nd5 22. Qd2 b4 23. Bg3 c3 24. bxc3 Nxc3 25. Ra5 Qd8 26. Rfa1 a6 27. Be5 Qb6 28.
Qb2 Bc8 29. Rc5 Nd5 30. Rac1 Bd7 31. Bxd5 cxd5 32. Qe2 Qb7 33. Rc7 Qb5 34. Qd2
a5 35. R1c5 Qb6 36. Qg5 Rd8 37. Qg7 Rf8 38. Bf4 b3 39. Rb7 Qxb7 40. Bh6 Bc6 41.
Qxf8+ Kd7 42. Qxf7+ Kc8 43. Qxe6+ Kc7 44. f7 Kb6 45. Qf6 Rc8 46. f8=Q Rxf8 47.
Bxf8 a4 48. h4 b2 49. Qg6 a3 50. Qb1 Qa8 51. Bd6 Qa4 52. Rc3 Qxd4 53. Rb3+ Bb5
54. Bxa3 Qxh4 55. Qxb2 Qc4 56. Rxb5+ Qxb5 57. g4 Qxb2 58. Bxb2 Kc6 59. g5 Kd7
60. Kg2 Ke7 61. Kf3 Kf7 62. g6+ Ke6 63. g7 Kf7 64. g8=Q+ Kxg8 65. Kf4 Kf7 66.
Ke5 Kg6 67. f4 Kh6 68. f5 Kg5 69. Bc1+ Kg4 70. f6 Kf3 71. Kxd5 Kg4 72. f7 Kg3
73. f8=Q Kg2 74. Qf7 Kg3 75. Qf1 Kg4 76. Qg2+ Kh4 77. Bd2 Kh5 78. Qg5# {
TheBorg checkmated} 1-0

[Event "ICS rated blitz match"]
[Site "204.178.125.65"]
[Date "1999.08.19"]
[Round "?"]
[White "Hossa"]
[Black "txelu"]
[Result "1-0"]
[WhiteElo "2416"]
[BlackElo "2546"]
[PlyCount "47"]

1. d4 Nf6 2. c4 g6 3. Nc3 d5 4. cxd5 Nxd5 5. e4 Nxc3 6. bxc3 Bg7 7. Bb5+ c6 8.
Ba4 O-O 9. Ne2 Be6 10. Ba3 Bc4 11. O-O Re8 12. Bb3 Qa5 13. Bxc4 Qxa3 14. Qb3
Qxb3 15. axb3 Nd7 16. e5 Nb6 17. Bd3 a5 18. f4 f5 19. Ra2 a4 20. bxa4 Rxa4 21.
Rb2 Nd5 22. Rxb7 e6 23. c4 Ne3 24. Rc1 {txelu resigns} 1-0

[Event "ICS rated blitz match"]
[Site "204.178.125.65"]
[Date "1999.08.19"]
[Round "?"]
[White "txelu"]
[Black "Hossa"]
[Result "0-1"]
[WhiteElo "2524"]
[BlackElo "2438"]
[PlyCount "54"]

1. e4 e5 2. Nf3 d6 3. Bc4 f5 4. exf5 Bxf5 5. d4 e4 6. Nfd2 Nf6 7. O-O d5 8. Be2
Be7 9. f3 O-O 10. Nc3 Qd7 11. fxe4 dxe4 12. Nc4 Nc6 13. Ne3 Bg6 14. Bc4+ Kh8
15. Ncd5 Nxd5 16. Bxd5 Rxf1+ 17. Kxf1 Bh4 18. Kg1 Rf8 19. g3 Bg5 20. Bxc6 Qxc6
21. Ng2 Be7 22. Be3 Rf3 23. Qd2 Qb5 24. c3 Bf5 25. Re1 Be6 26. b3 Bh3 27. Nf4
27... Rf1+ {txelu resigns} 0-1

[Event "ICS Rated blitz match"]
[Site "204.178.125.65"]
[Date "1999.08.19"]
[Round "?"]
[White "TheBorg"]
[Black "Hossa"]
[Result "1-0"]
[WhiteElo "2650"]
[BlackElo "2458"]
[PlyCount "113"]

1. d4 Nf6 2. c4 d5 3. Nc3 e6 4. Bg5 Bb4 5. Qc2 dxc4 6. e3 b5 7. Be2 Ba6 8. Bf3
c6 9. Nge2 h6 10. Bxf6 Qxf6 11. a4 Bxc3+ 12. Nxc3 b4 13. Ne4 Qd8 14. Nc5 Qa5
15. O-O O-O 16. Nxa6 Qxa6 17. Rfc1 Qb6 18. a5 Qb5 19. Qxc4 Qxc4 20. Rxc4 Rc8
21. Rxb4 Rc7 22. Rc1 Kf8 23. Rbc4 g5 24. Kf1 Rb7 25. R1c2 Kg7 26. Ke2 Rb3 27.
Kd2 Rb5 28. Rc5 Rb3 29. Be4 a6 30. f4 gxf4 31. exf4 Nd7 32. R5c3 Rab8 33. Rxb3
Rxb3 34. Rxc6 Nf6 35. Bf3 Rxb2+ 36. Kc3 Rf2 37. Rxa6 Nd5+ 38. Bxd5 exd5 39. Rd6
Rxg2 40. h4 Rh2 41. a6 Ra2 42. Kb4 h5 43. Kc5 Kh7 44. Kxd5 Kg7 45. Rb6 Ra5+ 46.
Kc6 Ra4 47. d5 Rxf4 48. d6 Rc4+ 49. Kb7 Rxh4 50. d7 Rd4 51. Kc7 Rc4+ 52. Rc6
Ra4 53. d8=Q Kh7 54. Qf8 Rc4 55. Qxf7+ Kh8 56. Rxc4 h4 57. Rxh4# {
Hossa checkmated} 1-0

[Event "ICS Rated blitz match"]
[Site "204.178.125.65"]
[Date "1999.08.19"]
[Round "?"]
[White "MrPeege"]
[Black "Hossa"]
[Result "0-1"]
[WhiteElo "2200"]
[BlackElo "2459"]
[PlyCount "86"]

1. e4 e5 2. Nf3 d6 3. Bc4 f5 4. d3 fxe4 5. dxe4 Nc6 6. O-O Bg4 7. h3 Bh5 8. Be3
Nf6 9. Nc3 Qd7 10. a3 Be7 11. b4 O-O-O 12. Rb1 Rhf8 13. Be2 Bg6 14. Nd2 Kb8 15.
Bd3 Rf7 16. Nd5 Nxd5 17. exd5 Nd4 18. Bxg6 hxg6 19. Bxd4 exd4 20. Nb3 Qf5 21.
Qxd4 Qxc2 22. Rfc1 Qf5 23. f3 Qh5 24. Na5 Bf6 25. Qd3 Ka8 26. b5 Rh8 27. Nc4
Bh4 28. a4 Bg3 29. a5 Re8 30. b6 cxb6 31. Nxb6+ Kb8 32. Nc4 Qf5 33. Qb3 Qxd5
34. Rd1 Qc5+ 35. Kh1 d5 36. Nb2 Rd8 37. a6 Qb6 38. Qd3 Qxa6 39. Qc2 Ka8 40. Qd2
Qf6 41. Nd3 Qh4 42. Ra1 Rxf3 43. Nc5 43... Bf2 {MrPeege resigns} 0-1

[Event "ICS rated blitz match"]
[Site "204.178.125.65"]
[Date "1999.08.19"]
[Round "?"]
[White "Hossa"]
[Black "MrPeege"]
[Result "1-0"]
[WhiteElo "2459"]
[BlackElo "2128"]
[PlyCount "75"]

1. e4 c5 2. Nf3 d6 3. d4 cxd4 4. Nxd4 Nf6 5. Nc3 a6 6. Be2 e6 7. O-O Be7 8. Bf3
O-O 9. Re1 Qc7 10. Bg5 Nbd7 11. Rb1 Rb8 12. a3 b5 13. Be2 Bb7 14. Bd3 Ne5 15.
Qd2 Rbc8 16. Rbc1 Qb8 17. Rcd1 Nc4 18. Bxc4 Rxc4 19. f3 Rfc8 20. Re3 Qa7 21. a4
b4 22. Nce2 Qb6 23. Qd3 a5 24. Bxf6 Bxf6 25. Qd2 e5 26. Nf5 d5 27. Rc1 Bg5 28.
exd5 Bxd5 29. f4 exf4 30. Qxd5 fxe3 31. Nd6 Qc5 32. Qxf7+ Kh8 33. Qe6 h6 34. c3
b3 35. Rf1 Qc6 36. Nd4 Qc7 37. Nxc4 Qxc4 38. Rf8+ {MrPeege resigns} 1-0

[Event "ICS rated blitz match"]
[Site "204.178.125.65"]
[Date "1999.08.19"]
[Round "?"]
[White "Talmoves"]
[Black "Hossa"]
[Result "0-1"]
[WhiteElo "2500"]
[BlackElo "2459"]
[PlyCount "158"]

1. e4 e5 2. Nf3 d6 3. d4 exd4 4. Nxd4 g6 5. Nc3 Bg7 6. Be3 Ne7 7. Qd2 O-O 8.
O-O-O Nbc6 9. f3 f5 10. Bc4+ Kh8 11. Nxc6 bxc6 12. Bd4 fxe4 13. Bxg7+ Kxg7 14.
Nxe4 d5 15. Bb3 Bf5 16. Qd4+ Kf7 17. Ng5+ Kg8 18. Qh4 h5 19. g4 Bd7 20. Rhe1
Rf4 21. Re4 Nf5 22. Qe1 Rxe4 23. Nxe4 hxg4 24. fxg4 Nd6 25. Nxd6 cxd6 26. Qd2
Bxg4 27. Rf1 Bf5 28. Qg2 Qf8 29. Kb1 Rb8 30. Ka1 Qe7 31. a3 Kh8 32. Ba4 Qe3 33.
Ka2 Bh3 34. Qf3 Qxf3 35. Rxf3 Bf5 36. Bxc6 Rc8 37. Bxd5 Rxc2 38. Rf4 Rxh2 39.
Ra4 Rh7 40. Kb3 g5 41. Ra6 Rd7 42. Kc4 Kg7 43. Bc6 Rf7 44. Kd5 Bc8 45. Ra4 Bd7
46. Bxd7 Rxd7 47. Ke6 Rb7 48. Rg4 Kg6 49. b4 Kh5 50. Rg2 Kh4 51. Rg1 Rb6 52.
Kf5 Rb5+ 53. Ke6 g4 54. Rh1+ Kg5 55. Rh7 a5 56. Rg7+ Kf4 57. Rf7+ Ke4 58. Rg7
Kf3 59. Rf7+ Ke2 60. bxa5 Rxa5 61. Kxd6 g3 62. Re7+ Kf3 63. Rf7+ Ke3 64. Re7+
Kd4 65. Re2 Rxa3 66. Kd7 Re3 67. Rg2 Ke4 68. Rg1 Kf3 69. Rxg3+ Kxg3 70. Kc6 Re5
71. Kd7 Kg4 72. Kc6 Kf5 73. Kb6 Ke6 74. Kc6 Ke7 75. Kc7 Re6 76. Kb7 Kd7 77. Ka8
Rb6 78. Ka7 Kc7 79. Ka8 79... Ra6# {Talmoves checkmated} 0-1

[Event "ICS rated blitz match"]
[Site "204.178.125.65"]
[Date "1999.08.19"]
[Round "?"]
[White "MrPeege"]
[Black "Hossa"]
[Result "1-0"]
[WhiteElo "2188"]
[BlackElo "2477"]
[PlyCount "59"]

1. e4 e5 2. Nf3 d6 3. d4 exd4 4. Nxd4 g6 5. Nc3 Bg7 6. Be3 Ne7 7. Qd2 O-O 8.
Bh6 Bxh6 9. Qxh6 d5 10. O-O-O c6 11. Nf3 f6 12. exd5 cxd5 13. Bc4 Be6 14. Rhe1
Bf7 15. Qf4 Nbc6 16. Qxf6 Qa5 17. Qg5 h6 18. Qxh6 Nf5 19. Qh3 dxc4 20. Ng5 Kg7
21. Qh7+ Kf6 22. Nce4+ Ke7 23. Nc5+ Kf6 24. Nge4+ Ke5 25. Nd7+ Kf4 26. Qh3 Ncd4
27. g3+ Nxg3 28. fxg3+ Kf3 29. Nd2+ Kf2 30. Qf1# {Hossa checkmated} 1-0

[Event "ICS rated blitz match"]
[Site "204.178.125.65"]
[Date "1999.08.19"]
[Round "?"]
[White "Hossa"]
[Black "Colorado"]
[Result "0-1"]
[WhiteElo "2469"]
[BlackElo "2311"]
[PlyCount "116"]

1. d4 Nf6 2. c4 e6 3. Nc3 d5 4. Bf4 dxc4 5. e3 Nd5 6. Bxc4 Nxf4 7. exf4 Bd6 8.
Nge2 Nd7 9. O-O O-O 10. Rc1 Nb6 11. Ne4 Bb4 12. Ng5 h6 13. Nf3 Bd7 14. Ne5 Be8
15. a3 Bd6 16. Qb3 Qf6 17. Qf3 Nxc4 18. Nxc4 Bc6 19. Qg4 Rac8 20. Ne5 Bb5 21.
Rfe1 Bxe2 22. Rxe2 Rfd8 23. Rec2 a5 24. Kh1 c6 25. Rc3 c5 26. Qg3 Bxe5 27. fxe5
Qe7 28. Rc4 b5 29. Rxc5 Rxc5 30. dxc5 Qxc5 31. Qc3 Qxf2 32. Qxa5 Rd2 33. Qa8+
Kh7 34. Qe4+ g6 35. Rg1 Rxb2 36. Qe1 Kg7 37. Qc1 Re2 38. Qd1 Qe3 39. Qd8 Qxe5
40. Qe7 Re1 41. h4 Rxg1+ 42. Kxg1 Qd4+ 43. Kh2 Qf6 44. Qxf6+ Kxf6 45. g3 Ke5
46. Kg2 Ke4 47. Kf2 g5 48. hxg5 hxg5 49. Ke2 f5 50. Kf2 f4 51. gxf4 gxf4 52. a4
bxa4 53. Ke2 a3 54. Kd2 a2 55. Kc2 a1=Q 56. Kd2 Qb2+ 57. Ke1 Ke3 58. Kf1 58...
Qf2# {Hossa checkmated} 0-1

[Event "ICS rated blitz match"]
[Site "204.178.125.65"]
[Date "1999.08.19"]
[Round "?"]
[White "Colorado"]
[Black "Hossa"]
[Result "1-0"]
[WhiteElo "2402"]
[BlackElo "2464"]
[PlyCount "117"]

1. e4 e5 2. Nf3 d6 3. d4 exd4 4. Nxd4 g6 5. Bc4 Bg7 6. O-O Nc6 7. Nxc6 bxc6 8.
Qf3 Be6 9. Bxe6 fxe6 10. Qb3 Kf7 11. Nd2 d5 12. Nf3 h6 13. Qe3 Qf6 14. Re1 Ne7
15. e5 Qf5 16. Nd4 Qg4 17. Qc3 c5 18. Qxc5 Bxe5 19. Nf3 Bd6 20. Qe3 Nc6 21. Bd2
e5 22. Qd3 Qe6 23. Bxh6 e4 24. Qd2 Ke8 25. a3 Rb8 26. c4 dxc4 27. Bg7 Rh7 28.
Rxe4 Qxe4 29. Re1 Qxe1+ 30. Qxe1+ Kd7 31. Bc3 Re7 32. Qd1 Re4 33. Nd2 Rf4 34.
g3 Rf5 35. Nxc4 Re8 36. Ne3 Rf7 37. b4 Re6 38. Qd3 Rf3 39. b5 Ne7 40. Bd4 a5
41. bxa6 Nc6 42. Bc3 Rf7 43. a4 Ke7 44. Qb5 Kd7 45. a7 Rf8 46. Nd5 Ra8 47. Qb7
Rxa7 48. Nb6+ Ke7 49. Nc8+ Kd7 50. Nxa7 Nxa7 51. Qxa7 Re2 52. Qd4 Re5 53. a5
Re6 54. a6 c6 55. a7 Re8 56. Bb4 Kc7 57. Qxd6+ Kb6 58. Qb8+ Ka6 59. a8=Q# {
Hossa checkmated} 1-0

[Event "ICS rated blitz match"]
[Site "204.178.125.65"]
[Date "1999.08.19"]
[Round "?"]
[White "Hossa"]
[Black "ParalyseCabbage"]
[Result "1-0"]
[WhiteElo "2459"]
[BlackElo "2036"]
[PlyCount "43"]

1. d4 Nf6 2. c4 e6 3. Nc3 d5 4. Bf4 c5 5. Nf3 Nc6 6. Nb5 cxd4 7. Nc7+ Qxc7 8.
Bxc7 Bb4+ 9. Nd2 Ne4 10. Bf4 e5 11. f3 exf4 12. fxe4 dxe4 13. a3 Bxd2+ 14. Qxd2
e3 15. Qd3 O-O 16. Qe4 g5 17. h4 f5 18. Qd5+ Kg7 19. hxg5 Rd8 20. Rxh7+ Kxh7
21. Qf7+ Kh8 22. g6 {ParalyseCabbage resigns} 1-0

[Event "ICS Rated blitz match"]
[Site "204.178.125.65"]
[Date "1999.08.19"]
[Round "?"]
[White "Hossa"]
[Black "JudgeTurpin"]
[Result "1/2-1/2"]
[WhiteElo "2456"]
[BlackElo "2652"]
[PlyCount "73"]

1. d4 d5 2. c4 e5 3. dxe5 d4 4. Nf3 Nc6 5. Bf4 Bb4+ 6. Nbd2 Nge7 7. a3 Ng6 8.
Bg3 Bxd2+ 9. Qxd2 Bg4 10. O-O-O O-O 11. Nxd4 Ncxe5 12. Bxe5 Nxe5 13. Nf3 Qxd2+
14. Nxd2 Be6 15. f3 Nxc4 16. Nxc4 Bxc4 17. e4 Be6 18. Be2 Rfd8 19. Kc2 g6 20.
f4 Bd7 21. Bf3 Ba4+ 22. b3 Bc6 23. g4 Rac8 24. g5 f5 25. gxf6 Kf7 26. Rdf1 Kxf6
27. e5+ Ke6 28. Bxc6 bxc6 29. Rf3 Rd4 30. Kc3 c5 31. Rhf1 Rf8 32. h4 Rf5 33.
R3f2 Rh5 34. Rh2 Rf5 35. Rhf2 Rh5 36. Rh2 Rf5 37. Rhf2 {
Game drawn by repetition} 1/2-1/2

[Event "ICS Rated blitz match"]
[Site "204.178.125.65"]
[Date "1999.08.19"]
[Round "?"]
[White "JudgeTurpin"]
[Black "Hossa"]
[Result "1-0"]
[WhiteElo "2644"]
[BlackElo "2464"]
[PlyCount "83"]

1. d4 Nf6 2. c4 g6 3. Nc3 d5 4. Nf3 c6 5. Bf4 Bg7 6. e3 O-O 7. Be2 Qb6 8. Qd2
Bf5 9. Nh4 Ne4 10. Nxe4 Bxe4 11. f3 Bf5 12. Nxf5 gxf5 13. c5 Qd8 14. Qb4 b6 15.
Bd3 e6 16. Bd6 Qg5 17. Qd2 Re8 18. h4 Qh5 19. Qc2 e5 20. g4 Qh6 21. g5 Qh5 22.
O-O-O exd4 23. exd4 Bxd4 24. Bxf5 bxc5 25. Bxc5 Bxc5 26. Qxc5 Qxf3 27. Qc2 Qh5
28. Kb1 Re2 29. Qb3 Re7 30. Rde1 Rxe1+ 31. Rxe1 Qxh4 32. Re8+ Kg7 33. Ka1 Qf2
34. Bb1 Nd7 35. Rxa8 Nb6 36. Re8 Qg1 37. Qh3 Qxg5 38. Qxh7+ Kf6 39. Qh8+ Qg7
40. Qh4+ Qg5 41. Qd4+ Qe5 42. Qxe5# {Hossa checkmated} 1-0

[Event "ICS Rated blitz match"]
[Site "204.178.125.65"]
[Date "1999.08.19"]
[Round "?"]
[White "Hossa"]
[Black "JudgeTurpin"]
[Result "0-1"]
[WhiteElo "2456"]
[BlackElo "2652"]
[PlyCount "170"]

1. d4 d5 2. c4 e5 3. dxe5 d4 4. Nf3 Nc6 5. Bf4 Nge7 6. Nbd2 Ng6 7. Bg5 Be7 8.
Bxe7 Qxe7 9. Nb3 Ngxe5 10. Nbxd4 Qb4+ 11. Qd2 Qxd2+ 12. Kxd2 Nxc4+ 13. Kc1 Nxd4
14. Nxd4 Nd6 15. e3 Bd7 16. Bd3 c5 17. Nc2 O-O 18. Rd1 h6 19. Be2 Bb5 20. Bxb5
Nxb5 21. Rd7 Rfc8 22. Rxb7 Nd6 23. Rd7 Nc4 24. f3 Rd8 25. Re7 Kf8 26. Re4 Nd2
27. Re5 Nf1 28. Rxc5 Rd2 29. g4 Rf2 30. f4 Rxh2 31. b3 Re8 32. Rc3 Rg2 33. g5
hxg5 34. fxg5 g6 35. Rc5 Nxe3 36. Ne1 Rf2 37. Nd3 Rf1+ 38. Kb2 Nc4+ 39. bxc4
Re2+ 40. Kb3 Rxa1 41. Ra5 Rd1 42. Kc3 Re3 43. Rd5 Ke7 44. Kc2 Rg1 45. Kd2 Reg3
46. Re5+ Kd6 47. Ra5 Rxg5 48. Rxa7 R5g2+ 49. Kc3 Rg3 50. c5+ Ke6 51. Ra6+ Kf5
52. Rd6 Rc1+ 53. Kd4 Rg4+ 54. Ke3 Rc2 55. Rd5+ Ke6 56. Rd6+ Ke7 57. Ra6 Rgg2
58. Ra7+ Kf6 59. Ra6+ Kf5 60. c6 Rg3+ 61. Kd4 Rg4+ 62. Ke3 Re4+ 63. Kf3 Rec4
64. Ra5+ Ke6 65. Rb5 Rxa2 66. Rb6 Ra3 67. Ke3 Rcc3 68. Ke4 Rxd3 69. c7+ Kd7 70.
Rf6 Re3+ 71. Kd5 Rad3+ 72. Kc5 Rf3 73. Ra6 Rc3+ 74. Kd5 Kxc7 75. Ra2 g5 76. Rh2
Rcd3+ 77. Kc5 g4 78. Rh7 Rf5+ 79. Kc4 Rh3 80. Kd4 Rxh7 81. Ke4 Rf3 82. Kd4 Kc6
83. Ke4 Rh2 84. Kd4 Re2 85. Kc4 85... Re4# {Hossa checkmated} 0-1

[Event "ICS Rated blitz match"]
[Site "204.178.125.65"]
[Date "1999.08.19"]
[Round "?"]
[White "PostModernist"]
[Black "Hossa"]
[Result "1-0"]
[WhiteElo "2591"]
[BlackElo "2448"]
[PlyCount "109"]

1. e4 e5 2. f4 exf4 3. Be2 Be7 4. Nf3 Bh4+ 5. Kf1 Qf6 6. d3 Ne7 7. Qd2 Ng6 8.
Nxh4 Qxh4 9. Qc3 O-O 10. Qxc7 Nc6 11. Nd2 f5 12. Nf3 Qe7 13. e5 Ncxe5 14. Nxe5
Qxe5 15. Qxe5 Nxe5 16. Bxf4 Re8 17. Re1 Ng6 18. Bd6 Re6 19. Bb4 d5 20. Kf2 Ne5
21. d4 Ng4+ 22. Bxg4 fxg4 23. Re5 Rc6 24. c3 Be6 25. Rhe1 Kf7 26. b3 a5 27. Ba3
b5 28. c4 bxc4 29. bxc4 Rd8 30. c5 Rb8 31. Kg3 g6 32. Kh4 h5 33. Kg5 Rbc8 34.
Bb2 Rb8 35. Bc3 Rd8 36. Rf1+ Bf5 37. Bxa5 Ra8 38. Bd2 Rxa2 39. Rf2 Ra3 40. Bf4
Rd3 41. Rxd5 Ra6 42. Re2 Be6 43. Rd8 Ra7 44. Be5 Bf5 45. c6 Re7 46. d5 Rd1 47.
d6 Re6 48. c7 Re8 49. Rf2 Rc1 50. d7 Rxe5 51. c8=Q Rxc8 52. dxc8=Q Ke7 53. Qc7+
Bd7+ 54. Kh6 g5 55. Qxd7# {Hossa checkmated} 1-0

[Event "ICS Rated blitz match"]
[Site "204.178.125.65"]
[Date "1999.08.19"]
[Round "?"]
[White "Hossa"]
[Black "matar"]
[Result "1-0"]
[WhiteElo "2438"]
[BlackElo "2175"]
[PlyCount "61"]

1. e4 c5 2. Nc3 e6 3. Bc4 a6 4. d4 cxd4 5. Qxd4 Nc6 6. Qd2 b5 7. Bb3 Bb7 8.
Nge2 Nf6 9. Ng3 Bc5 10. O-O O-O 11. Qg5 d6 12. Nh5 Nxh5 13. Qxh5 Ne5 14. Bg5
Qc7 15. Rae1 Rac8 16. Be3 Bb4 17. Bd2 Bc5 18. Re2 Qb6 19. Rd1 a5 20. a3 Rfd8
21. Bg5 Re8 22. Be3 Bxe3 23. Rxe3 Ng6 24. Qxb5 Qc7 25. Qd3 Red8 26. Qd2 Ne5 27.
Rg3 g6 28. Qh6 Re8 29. Rd2 Qe7 30. Rh3 f6 31. Bxe6+ {matar resigns} 1-0